| 000 | 00442nam a2200181Ia 4500 | ||
|---|---|---|---|
| 005 | 20221209103003.0 | ||
| 008 | 131103s9999 xx 000 0 und d | ||
| 040 | _aLoreto College | ||
| 041 | _aEnglish | ||
| 082 |
_a821.91 _bSIT |
||
| 100 | _aSitwell, Edith | ||
| 245 | 2 |
_aA Poet's notebook _cEdith Sitwell |
|
| 260 |
_aLondon _bMacmillan _c1944 |
||
| 300 | _axi,153p. | ||
| 650 | _aEnglish literature | ||
| 850 | _aLCLIB | ||
| 942 | _cBK | ||
| 999 |
_c22011 _d72490 |
||